Football - Top Joueurs 2024/2025 - Statistiques

Statistiques générales
  • Ce quiz a été pris 844 fois
  • Le résultat moyen est 15 sur 20
Statistiques - réponses
Par images Réponse % Correct
Harry Kane
98%
Federico Valverde
94%
Lamine Yamal
93%
Mohamed Salah
93%
Cole Palmer
91%
Rayan Cherki
86%
Vinicius Junior
86%
Virgil Van Dijk
85%
Robert Lewandowski
83%
Jude Bellingham
82%
Raphinha
80%
Florian Wirtz
77%
Viktor Gyokeres
77%
Ademola Lookman
70%
Omar Marmoush
70%
Gabriel Magalhães
64%
Ryan Gravenberch
57%
Jamie Bynoe-Gittens
38%
Tijjani Reijnders
33%
Samuel Omorodion Aghehowa
28%
Aucun quiz correspondant
Distribution des résultats
% des personnes avec chaque résultat
Percentile par nombre de réponses
Votre historique - résultats
Vous n’avez pas pris ce quiz